Znižovanie režijných nákladov - facility management
Podstata a zmysel facility manažmentu. Implementovanie facility manažmentu. Prínosy facility manažmentu.
Enregistré dans:
| Auteur principal: | |
|---|---|
| Format: | Chapitre de livre |
| Langue: | slovaque |
| Sujets: | |
| Tags: |
Pas de tags, Soyez le premier à ajouter un tag!
|
MARC
| LEADER | 00000nla$a2200000$$$4500 | ||
|---|---|---|---|
| 001 | 0076115 | ||
| 005 | 20240521073450.6 | ||
| 041 | 0 | |a slo | |
| 044 | |a SK | ||
| 245 | 1 | 0 | |a Znižovanie režijných nákladov - facility management |c Pavol Serina |
| 520 | |a Podstata a zmysel facility manažmentu. Implementovanie facility manažmentu. Prínosy facility manažmentu. | ||
| 610 | 2 | 0 | |a firmy |
| 610 | 2 | 0 | |a manažment |
| 610 | 2 | 0 | |a riadenie podnikové |
| 610 | 2 | 0 | |a náklady režijné |
| 610 | 2 | 0 | |a podnikanie |
| 610 | 2 | 0 | |a efektívnosť |
| 610 | 2 | 0 | |a správa podniku |
| 610 | 2 | 0 | |a správa spoločnosti |
| 100 | 1 | |a Serina, Pavol | |